Life in the jungle/ (Record no. 200760)

MARC details
000 -LEADER
fixed length control field 00622nam a22001937a 4500
005 - DATE AND TIME OF LATEST TRANSACTION
control field 20240215115815.0
010 ## - LCCN (DPL NO)
LC control number ENG-139281
020 ## - INTERNATIONAL STANDARD BOOK NUMBER
International Standard Book Number 978-8-1908421-8-1
Terms of availability 3,995.00/
035 ## - SYSTEM CONTROL NUMBER
System control number EN-122813
037 ## - SOURCE OF ACQUISITION
Source of stock number/acquisition DBAD/PUB
082 ## - DEWEY DECIMAL CLASSIFICATION NUMBER
Classification number 639.950954
100 ## - MAIN ENTRY--PERSONAL NAME
Personal name Jaya ,M.N.
245 ## - TITLE STATEMENT
Title Life in the jungle/
Statement of responsibility, etc M.N. Jayakumar;
Remainder of title Memoirs of a forestar
260 ## - PUBLICATION, DISTRIBUTION, ETC. (IMPRINT)
Place of publication, distribution, etc Banglore
Name of publisher, distributor, etc Krab medi& Marketing
Date of publication, distribution, etc 2013
270 ## - ADDRESS
Address 766 , 2nd floor , off Road , Banashankari 2nd stage
City Banglore
Postal code 560 070
300 ## - PHYSICAL DESCRIPTION
Extent 239 p.
Dimensions 27cm(pbk)
700 ## - ADDED ENTRY--PERSONAL NAME
Personal name M.N. Jayakumar
9 (RLIN) 62108
942 ## - ADDED ENTRY ELEMENTS (KOHA)
Source of classification or shelving scheme Dewey Decimal Classification
Item type English Books
Classification part 639.950954
Call number suffix JAY
Holdings
Withdrawn status Lost status Not for loan Collection code Home library Current library Date acquired Source of acquisition Cost, normal purchase price Full call number Barcode Copy number Cost, replacement price Koha item type
    Not For Loan Reference Sarojini Nagar Sarojini Nagar 15/02/2024 DBAD/PUB 3995.00 639.950954 JAY EN-122813 1 3995.00 English Books

© Delhi Public Library
Hit Counter
free hit counter